| 000 | 00388nam a22001457a 4500 | ||
|---|---|---|---|
| 005 | 20240109151235.0 | ||
| 008 | 190604b xxu||||| |||| 00| 0 eng d | ||
| 020 | _a978-93-88194-63-1 | ||
| 041 | _aeng | ||
| 100 |
_aPANCHAL, DR. ISHAN .I AND SEN, DR. DHRUBOJYOTI _98364 |
||
| 245 | _aSYNTHISIS IN MEDICINAL CHEMISTRY | ||
| 260 |
_aPUNE _bNIRALI PRAKASHAN |
||
| 300 | _aA.13p, | ||
| 942 | _cBK | ||
| 999 |
_c5936 _d5934 |
||